000 01711nam a22002297a 4500
003 NALT
005 20240724233219.0
008 s2531 th tha d
040 _aNALT
041 _atha
050 _aJX1577
_bท141ก
100 0 _aทรงพล สุขจันทร์
245 1 0 _aกระบวนการตัดสินใจกำหนดนโยบายต่างประเทศของญี่ปุ่น :
_bศึกษาเปรียบเทียบกรณีการปรับความสัมพันธ์ทางการทูตสู่ระดับปรกติระหว่างญี่ปุ่นกับสหภาพโซเวียต ในปี ค.ศ. 1956 และกรณีการฟื้นฟูความสัมพันธ์ระหว่างญี่ปุ่นกับสาธารณรัฐประชาชนจีน ในปี ค.ศ. 1972 /
_cทรงพล สุขจันทร์.
260 3 _aกรุงเทพฯ :
_bมหาวิทยาลัยธรรมศาสตร์,
_c2531
300 _a163 หน้า :
_bแผนภูมิ, ตาราง ;
_c28 ซม.
650 0 4 _aนโยบายต่างประเทศ -- ญี่ปุ่น
650 0 4 _aญี่ปุ่น -- ความสัมพันธ์กับต่างประเทศ -- จีน
650 0 4 _aญี่ปุ่น -- ความสัมพันธ์กับต่างประเทศ -- โซเวียต
850 _aNALT
942 _cRSH
_2lcc
999 _c43821
_d43821
998 _j8
_k นายบัณฑิต อุทาวงค์